Voprosy ekonomiki

Enregistré dans:
Détails bibliographiques
Format: Publication en série
Langue:russe
Publié: Moskva Rossijskaja akademija nauk 2002
Sujets:
Tags: Ajouter un tag
Pas de tags, Soyez le premier à ajouter un tag!

MARC

LEADER 00000nas2a22000001 4500
001 0039564
005 20060307100958.7
022 |a 0042-8736 
041 0 |a rus 
044 |a RU 
245 1 0 |a Voprosy ekonomiki 
264 1 |a Moskva  |b Rossijskaja akademija nauk  |c 2002 
773 0 |w eu_un_cat*s120282 
610 2 0 |a politika hospodárska 
610 2 0 |a riadenie hospodárske 
610 2 0 |a plánovanie hospodárske